000 00613nam a2200241Ia 4500
003 OSt
005 20260224165534.0
008 26022450409s9999 xx 000 0 eng d
020 _a9789351453307
037 _aTextbook
040 _aLCT
_beng
_cLCT
041 _aeng
_2eng
084 _aZ,181/ Q15
_qLCT
100 _aSingh, Avtar
245 4 _aThe Company Law
_cby Avtar Singh
250 _a16th ed.
260 _aLucknow
_bEastern Book Company
_c2015
300 _acxliv, 783p.
365 _aINR
_b545
650 _aLaw
942 _cTB
_hZ,181/ Q15
_2CC
999 _c1680178
_d1680178